000 01114 a2200241 4500
001 20
005 20260407155402.0
008 260407a2006 arg spa d
003 AR-UNSa-BCEJYS
040 _aAR-UNSa-BCEJYS
_bspa
_cAR-UNSa-BCEJYS
080 _a94(82)
_xHistoria de Argentina
245 1 0 _aBreve historia contemporánea de la Argentina
020 _a950-557-393-6
250 _a2a ed., 10a. reimp.
264 1 _aBuenos Aires :
_bFondo de Cultura Económica
_c2006
300 _a332 p.
_c23 cm.
505 _a1. 1916 - 2. Los gobiernos radicales, 1916-1930 - 3. La restauración conservadora, 1930-1943 - 4. El gobierno de Perón, 1943-1955 - 5. El empate, 1955-1966 - 6. Dependencia o liberación, 1966-1976 - 7. El Proceso, 1976-1983 - 8. El impulso y su freno, 1983-1989 - 9. La gran transformación, 1989-1999
041 _aspa
942 _cBK
590 _aniveau_biblio:m niveau_hierar:0
100 1 _aRomero, Luis Alberto
856 4 1 _uhttps://biblioeco.unsa.edu.ar/pmb/images/libros/Breve historia contempor?nea de la Argentina Romero, Luis Alberto (2001).jpg
_yImagen de portada
_qimage/jpeg
999 _c16
_d16